[Event "BUL-chT"]
[Site "Pamporovo"]
[Date "2001.10.04"]
[Round "3"]
[White "Kirov, Nino"]
[Black "Tsvetkov, Ilia"]
[Result "1/2-1/2"]
[WhiteElo "2422"]
[BlackElo "2349"]
[PlyCount "30"]
[EventDate "2001.10.03"]
[EventType "team"]
[EventRounds "7"]
[EventCountry "BUL"]
[SourceTitle "CBM 084 Extra"]
[Source "ChessBase"]
[SourceDate "2001.10.26"]
[SourceVersion "1"]
[SourceVersionDate "2001.10.26"]
[SourceQuality "1"]

1. Nf3 d5 2. g3 c6 3. Bg2 Bf5 4. c4 e6 5. 0-0 Nf6 6. d3 Nbd7 7. cxd5 exd5 8. Nc3 Be7 9. Nd4 Bg6 10. e4 Nc5 11. b4 Ne6 12. Nc2 0-0 13. h3 a5 14. bxa5 dxe4 15. dxe4 Nc5 1/2-1/2

[Event "Slavonija Swiss"]
[Site "Vukovar"]
[Date "2001.08.09"]
[Round "8"]
[White "Hodak, Stevo"]
[Black "Kirov, Nino"]
[Result "0-1"]
[WhiteElo "2288"]
[BlackElo "2422"]
[PlyCount "84"]
[EventDate "2001.08.02"]
[EventType "swiss"]
[EventRounds "11"]
[EventCountry "CRO"]
[SourceTitle "EXT 2002"]
[Source "ChessBase"]
[SourceDate "2001.11.25"]
[SourceVersion "1"]
[SourceVersionDate "2001.11.25"]
[SourceQuality "1"]

1. e4 c5 2. Nf3 e6 3. Nc3 a6 4. d4 cxd4 5. Nxd4 Qc7 6. Be2 Nc6 7. 0-0 Nf6 8. Kh1 Be7 9. f4 d6 10. Be3 0-0 11. Bf3 Re8 12. Qe2 Nxd4 13. Bxd4 e5 14. Be3 Be6 15. Rfd1 Rac8 16. Rd2 exf4 17. Bxf4 Nd7 18. Rad1 Ne5 19. Bxe5 dxe5 20. Nd5 Bxd5 21. exd5 Bd6 22. Bg4 Rcd8 23. c4 g6 24. Rc2 a5 25. Rc3 b6 26. Qc2 e4 27. a3 f5 28. Be2 Bxh2 29. b4 axb4 30. axb4 Be5 31. Rh3 Bd6 32. Rb1 Qe7 33. c5 bxc5 34. b5 Ra8 35. b6 Qe5 36. Bb5 Reb8 37. Bc6 Ra1 38. b7 e3 39. Qc1 Rxb1 40. Qxb1 e2 41. Qe1 c4 42. Bb5 Bb4 0-1

[Event "Besancon op"]
[Site "Besancon"]
[Date "1998.??.??"]
[Round "?"]
[White "Kirov, Nino"]
[Black "Bauer, Christian"]
[Result "1-0"]
[WhiteElo "2395"]
[BlackElo "2490"]
[PlyCount "107"]
[EventDate "1998.??.??"]
[EventType "swiss"]
[EventRounds "7"]
[EventCountry "FRA"]
[SourceTitle "EXT 1999"]
[Source "ChessBase"]
[SourceDate "1998.11.16"]
[SourceVersion "1"]
[SourceVersionDate "1998.11.16"]
[SourceQuality "1"]

1. Nf3 d6 2. d4 Nf6 3. g3 g6 4. Bg2 Bg7 5. 0-0 0-0 6. c4 Nbd7 7. Nc3 e5 8. h3 Re8 9. e4 exd4 10. Nxd4 a6 11. Re1 Rb8 12. a4 Ne5 13. b3 c5 14. Nc2 Be6 15. Rb1 h5 16. f4 Nc6 17. Nd5 Nh7 18. h4 b5 19. axb5 axb5 20. cxb5 Rxb5 21. Qd3 Qb8 22. Nc7 Rxb3 23. Rxb3 Qxc7 24. Rb1 Ba2 25. Rb5 Na7 26. Rb2 Bxb2 27. Bxb2 Qb6 28. Qc3 f6 29. e5 Nb5 30. Qd2 Bf7 31. Kh2 c4 32. Bd5 Bxd5 33. Qxd5+ Kf8 34. Qxc4 Qf2+ 35. Kh3 g5 36. hxg5 fxg5 37. Qe2 g4+ 38. Kh4 Qc5 39. Qe4 Qc7 40. Qf5+ Kg8 41. Qxh5 Qe7+ 42. Kxg4 Qg7+ 43. Kh3 Re6 44. exd6 Qh6 45. Qxh6 Rxh6+ 46. Kg4 Rxd6 47. Be5 Rd7 48. Rb1 Na7 49. Nd4 Kf7 50. Nf3 Nc6 51. Rb6 Nd8 52. Ng5+ Nxg5 53. Kxg5 Ne6+ 54. Kf5 1-0

[Event "Val Thorens op"]
[Site "Val Thorens"]
[Date "1998.??.??"]
[Round "?"]
[White "Kirov, Nino"]
[Black "Louis, Jean Philippe"]
[Result "0-1"]
[WhiteElo "2395"]
[BlackElo "2070"]
[PlyCount "84"]
[EventDate "1998.??.??"]
[EventType "swiss"]
[EventRounds "9"]
[EventCountry "FRA"]
[SourceTitle "EXT 2000"]
[Source "ChessBase"]
[SourceDate "1999.11.16"]
[SourceVersion "1"]
[SourceVersionDate "1999.11.16"]
[SourceQuality "1"]

1. Nf3 Nf6 2. g3 g6 3. Bg2 Bg7 4. c4 0-0 5. 0-0 d6 6. d4 Nc6 7. Nc3 Bg4 8. d5 Na5 9. Nd2 c5 10. Qc2 a6 11. h3 Bd7 12. b3 b5 13. Bb2 bxc4 14. bxc4 Rb8 15. Nd1 e5 16. Kh2 Nh5 17. e3 f5 18. f4 exf4 19. exf4 Bxb2 20. Nxb2 Qf6 21. Nd3 Rfe8 22. Rae1 Qd4 23. Rxe8+ Rxe8 24. Ne1 Re2 25. Nef3 Qe3 26. Qb2 Qd3 27. Qb8+ Be8 28. Qxd6 Nxc4 29. Nxc4 Qxc4 30. Ne5 Qe4 31. Rg1 Nxf4 32. gxf4 Qxf4+ 33. Kh1 Qxe5 34. Qxc5 f4 35. Rf1 Re1 36. Qf2 Rxf1+ 37. Qxf1 Bb5 38. Qc1 Kg7 39. Qd1 Be2 40. Qb3 Qe3 41. d6 Qxb3 42. axb3 Kf6 0-1

[Event "Cappelle op 12th"]
[Site "Cappelle la Grande"]
[Date "1996.??.??"]
[Round "2"]
[White "Kirov, Nino"]
[Black "Baburin, Alexander"]
[Result "1/2-1/2"]
[WhiteElo "2435"]
[BlackElo "2505"]
[PlyCount "23"]
[EventDate "1996.02.??"]
[EventType "swiss"]
[EventRounds "9"]
[EventCountry "FRA"]
[SourceTitle "CBM 051 Extra"]
[Source "ChessBase"]
[SourceDate "1996.05.01"]
[SourceVersion "1"]
[SourceVersionDate "1996.05.01"]
[SourceQuality "1"]

1. Nf3 c5 2. g3 g6 3. e3 Bg7 4. d4 cxd4 5. exd4 Nf6 6. Bg2 0-0 7. Nc3 d5 8. 0-0 e6 9. Bf4 Nc6 10. Ne5 Nxe5 11. Bxe5 Nd7 12. Qd2 1/2-1/2

[Event "Cannes Martinez op"]
[Site "Cannes"]
[Date "1996.??.??"]
[Round "6"]
[White "Kirov, Nino"]
[Black "Carlhammar, Magnus"]
[Result "1-0"]
[WhiteElo "2440"]
[BlackElo "2310"]
[PlyCount "45"]
[EventDate "1996.08.??"]
[EventType "swiss"]
[EventRounds "9"]
[EventCountry "FRA"]
[SourceTitle "EXT 1998"]
[Source "ChessBase"]
[SourceDate "1997.11.17"]
[SourceVersion "1"]
[SourceVersionDate "1997.11.17"]
[SourceQuality "1"]

1. Nf3 d5 2. g3 c5 3. Bg2 Nc6 4. d4 e6 5. 0-0 Nf6 6. c4 Be7 7. cxd5 exd5 8. Be3 c4 9. b3 cxb3 10. Qxb3 Na5 11. Qd3 Nc4 12. Bf4 Be6 13. Nc3 Qa5 14. Rab1 Bb4 15. Rfc1 Rc8 16. Ng5 0-0 17. Bxd5 Na3 18. Bxe6 Rxc3 19. Rxc3 Nxb1 20. Bxf7+ Rxf7 21. Rc8+ Rf8 22. Rxf8+ Bxf8 23. Qxb1 1-0

[Event "BUL-ch"]
[Site "Sofia"]
[Date "1996.??.??"]
[Round "3"]
[White "Kirov, Nino"]
[Black "Delchev, Aleksander"]
[Result "0-1"]
[WhiteElo "2440"]
[BlackElo "2510"]
[PlyCount "54"]
[EventDate "1996.??.??"]
[EventType "k.o."]
[EventRounds "5"]
[EventCountry "BUL"]
[SourceTitle "EXT 1999"]
[Source "ChessBase"]
[SourceDate "1998.11.16"]
[SourceVersion "1"]
[SourceVersionDate "1998.11.16"]
[SourceQuality "1"]

1. Nf3 d6 2. d4 Bg4 3. c4 Bxf3 4. gxf3 Nd7 5. Nc3 g6 6. h4 Ngf6 7. Qb3 Rb8 8. Be3 c6 9. Bh3 Bg7 10. 0-0-0 a6 11. c5 0-0 12. Bf4 e5 13. dxe5 Nxc5 14. Qc4 Nh5 15. Rxd6 Qxh4 16. e3 Nxf4 17. Qxf4 Qe7 18. Bf1 Qxe5 19. Qh4 h5 20. Rd1 b5 21. f4 Qe6 22. Bh3 f5 23. Rhg1 b4 24. Ne2 Qxa2 25. Nd4 Nb3+ 26. Kc2 Nxd4+ 27. Rxd4 b3+ 0-1

[Event "Montpellier Masters op"]
[Site "Montpellier "]
[Date "1996.??.??"]
[Round "?"]
[White "Kirov, Nino"]
[Black "Deslandes, Pascal"]
[Result "1/2-1/2"]
[WhiteElo "2435"]
[BlackElo "2265"]
[PlyCount "74"]
[EventDate "1996.??.??"]
[EventType "swiss"]
[EventRounds "9"]
[EventCountry "FRA"]
[SourceTitle "EXT 2004"]
[Source "ChessBase"]
[SourceDate "2003.11.25"]
[SourceVersion "1"]
[SourceVersionDate "2003.11.25"]
[SourceQuality "1"]

1. Nf3 Nf6 2. g3 g6 3. Bg2 Bg7 4. 0-0 0-0 5. c4 d6 6. d4 Nc6 7. Nc3 e5 8. d5 Ne7 9. e4 Nd7 10. Ne1 f5 11. Nd3 Nf6 12. Bg5 h6 13. Bd2 Nxe4 14. Nxe4 fxe4 15. Bxe4 Bf5 16. Qe2 c6 17. dxc6 bxc6 18. Bc3 Qc7 19. Bg2 Rae8 20. Rad1 c5 21. Rfe1 Nc6 22. Bd5+ Kh7 23. f3 Nd4 24. Bxd4 exd4 25. Qxe8 Rxe8 26. Rxe8 Qd7 27. Rb8 Qe7 28. Rb7 Qd8 29. Rxa7 Bxd3 30. Rxd3 Qb6 31. Rb7 Qa5 32. Rd1 d3 33. Kf2 Qa4 34. Rd2 Kh8 35. Rb8+ Kh7 36. Ra8 Qc2 37. Bg8+ Kh8 1/2-1/2

[Event "Cannes Martinez op"]
[Site "Cannes"]
[Date "1996.??.??"]
[Round "8"]
[White "Kirov, Nino"]
[Black "Dorfman, Josif D"]
[Result "1-0"]
[WhiteElo "2440"]
[BlackElo "2590"]
[PlyCount "105"]
[EventDate "1996.08.??"]
[EventType "swiss"]
[EventRounds "9"]
[EventCountry "FRA"]
[SourceTitle "EXT 1998"]
[Source "ChessBase"]
[SourceDate "1997.11.17"]
[SourceVersion "1"]
[SourceVersionDate "1997.11.17"]
[SourceQuality "1"]

1. Nf3 d5 2. g3 Bg4 3. Bg2 c6 4. 0-0 e6 5. c4 Nf6 6. cxd5 Bxf3 7. Bxf3 cxd5 8. d4 Nc6 9. Nc3 Be7 10. b3 0-0 11. Bb2 Qa5 12. e3 Rfc8 13. a3 Qd8 14. b4 Nb8 15. e4 dxe4 16. Nxe4 Nd5 17. Qe2 Nd7 18. Nc5 Nxc5 19. dxc5 b6 20. cxb6 axb6 21. Rfd1 Bf6 22. Rd3 Bxb2 23. Qxb2 Qf6 24. Qxf6 gxf6 25. Rad1 Kg7 26. Kg2 Ra7 27. Bxd5 exd5 28. Rxd5 Rxa3 29. R1d4 Rac3 30. Rg4+ Kf8 31. Rh4 R8c4 32. Rxh7 Kg8 33. Rhh5 Rxb4 34. Rd6 Kg7 35. Rf5 Rc7 36. Rdxf6 Rb7 37. h4 b5 38. h5 Re4 39. h6+ Kh7 40. Rxf7+ Rxf7 41. Rxf7+ Kxh6 42. Rb7 Rb4 43. f4 Kh5 44. Kh3 Rb1 45. g4+ Kg6 46. Rb6+ Kf7 47. g5 b4 48. Kg4 b3 49. Kf5 b2 50. g6+ Ke7 51. g7 Rg1 52. Rb7+ Ke8 53. Kf6 1-0

[Event "Cetinje"]
[Site "Cetinje"]
[Date "1996.??.??"]
[Round "?"]
[White "Kirov, Nino"]
[Black "Zimmerman, Yuri"]
[Result "1/2-1/2"]
[WhiteElo "2435"]
[BlackElo "2430"]
[PlyCount "22"]
[EventDate "1996.??.??"]
[EventType "tourn"]
[EventRounds "15"]
[EventCountry "YUG"]
[EventCategory "7"]
[SourceTitle "EXT 2000"]
[Source "ChessBase"]
[SourceDate "1999.11.16"]
[SourceVersion "1"]
[SourceVersionDate "1999.11.16"]
[SourceQuality "1"]

1. Nf3 g6 2. d4 Bg7 3. g3 Nf6 4. Bg2 0-0 5. c4 d6 6. 0-0 Nc6 7. Nc3 a6 8. d5 Na5 9. Nd2 c5 10. Rb1 Rb8 11. b3 b5 1/2-1/2

[Event "Cetinje"]
[Site "Cetinje"]
[Date "1996.??.??"]
[Round "?"]
[White "Tregubov, Pavel V"]
[Black "Kirov, Nino"]
[Result "1/2-1/2"]
[WhiteElo "2470"]
[BlackElo "2435"]
[PlyCount "44"]
[EventDate "1996.??.??"]
[EventType "tourn"]
[EventRounds "15"]
[EventCountry "YUG"]
[EventCategory "7"]
[SourceTitle "EXT 2000"]
[Source "ChessBase"]
[SourceDate "1999.11.16"]
[SourceVersion "1"]
[SourceVersionDate "1999.11.16"]
[SourceQuality "1"]

1. d4 d5 2. c4 c6 3. Nf3 Nf6 4. Nc3 dxc4 5. e3 Be6 6. Ng5 Bd5 7. e4 h6 8. exd5 hxg5 9. dxc6 Nxc6 10. Bxg5 Qxd4 11. Qxd4 Nxd4 12. 0-0-0 Nc6 13. Bxc4 e6 14. h3 a6 15. Be3 Rc8 16. Be2 Nb4 17. Kb1 Bc5 18. Bg5 Nbd5 19. Nxd5 Nxd5 20. Bf3 Bxf2 21. Bxd5 exd5 22. Rxd5 f6 1/2-1/2

[Event "Cetinje"]
[Site "Cetinje"]
[Date "1996.??.??"]
[Round "?"]
[White "Vukovic, Zdravko"]
[Black "Kirov, Nino"]
[Result "1/2-1/2"]
[WhiteElo "2475"]
[BlackElo "2435"]
[PlyCount "103"]
[EventDate "1996.??.??"]
[EventType "tourn"]
[EventRounds "15"]
[EventCountry "YUG"]
[EventCategory "7"]
[SourceTitle "EXT 2000"]
[Source "ChessBase"]
[SourceDate "1999.11.16"]
[SourceVersion "1"]
[SourceVersionDate "1999.11.16"]
[SourceQuality "1"]

1. e4 c5 2. Nf3 e6 3. d4 cxd4 4. Nxd4 Nc6 5. Nc3 Qc7 6. Be2 a6 7. 0-0 Nf6 8. Kh1 Be7 9. f4 d6 10. Be3 0-0 11. Qe1 Na5 12. b3 b5 13. e5 dxe5 14. fxe5 Qxe5 15. Bf3 Bd6 16. Qh4 Bb7 17. Bxb7 Nxb7 18. Bg5 Ng4 19. Rf4 f5 20. Re1 Qc5 21. Nxe6 Qxc3 22. Rf3 Qxc2 23. Nxf8 Rxf8 24. Be7 Re8 25. Bxd6 Nxd6 26. Rxe8+ Nxe8 27. Qe1 Qe4 28. Qc1 Qe5 29. Qf4 Nd6 30. Qxe5 Nxe5 31. Rc3 g5 32. Rc5 Nef7 33. Rc6 a5 34. a4 bxa4 35. bxa4 Nb7 36. Rc8+ Nfd8 37. Rc7 Nd6 38. Rd7 N8b7 39. g3 h5 40. Kg2 g4 41. h4 gxh3+ 42. Kxh3 Kf8 43. Kh4 Ke8 44. Rc7 Kd8 45. Rh7 Nc5 46. Kxh5 Kc8 47. Ra7 Nc4 48. Kg5 Kb8 49. Rh7 Nd6 50. Kf4 Nxa4 51. Ke5 Ne4 52. g4 1/2-1/2